000 00756nam a2200217 i 4500
001 171333
003 ES-MaACL
005 20250830062232.0
008 090511s1968 sp |||| | spa d
100 1 _aFloristán, Casiano (
_d1926-2006)
_951340
245 1 0 _aTeología de la acción pastoral /
_cpor Casiano Floristán Samanés, Manuel Useros Carretero.
260 _aMadrid :
_b[La Editorial Católica],
_c1968.
300 _aXV, 686 p., 1 h. ;
_c20 cm.
490 1 _aBiblioteca de autores cristianos ;
_v275
500 _aÍndices.
650 0 7 _aTeología pastoral
_2embne
_917472
700 1 _aUseros, Manuel.
_9112300
830 0 0 _aBiblioteca de autores cristianos
_v275
_9178679
852 _aES-MaACL
_jJ-270
_9R.46092
999 _c171333
_d171333